Moments of clarity : (Record no. 1105)
[ view plain ]
| 000 -LEADER | |
|---|---|
| fixed length control field | 02479cam a2200385 a 4500 |
| 005 - DATE AND TIME OF LATEST TRANSACTION | |
| control field | 20260322212047.0 |
| 008 - FIXED-LENGTH DATA ELEMENTS--GENERAL INFORMATION | |
| fixed length control field | data |
| 010 ## - LIBRARY OF CONGRESS CONTROL NUMBER | |
| LC control number | 2008035531 |
| 020 ## - INTERNATIONAL STANDARD BOOK NUMBER | |
| International Standard Book Number | 9780061456213 (hardcover) |
| 020 ## - INTERNATIONAL STANDARD BOOK NUMBER | |
| International Standard Book Number | 0061456217 (hardcover) |
| 020 ## - INTERNATIONAL STANDARD BOOK NUMBER | |
| International Standard Book Number | 9780061456220 (trade pbk.) |
| 020 ## - INTERNATIONAL STANDARD BOOK NUMBER | |
| International Standard Book Number | 0061456225 (trade pbk.) |
| 020 ## - INTERNATIONAL STANDARD BOOK NUMBER | |
| International Standard Book Number | 9780061719738 (large print) |
| 020 ## - INTERNATIONAL STANDARD BOOK NUMBER | |
| International Standard Book Number | 0061719730 (large print) |
| 040 ## - CATALOGING SOURCE | |
| Original cataloging agency | DLC |
| Transcribing agency | DLC |
| Modifying agency | DLC |
| -- | BAKER |
| -- | YDXCP |
| -- | C#P |
| -- | BWX |
| -- | UPZ |
| -- | CDX |
| -- | VP@ |
| -- | OTP |
| -- | DLC |
| 043 ## - GEOGRAPHIC AREA CODE | |
| Geographic area code | n-us--- |
| 050 00 - LIBRARY OF CONGRESS CALL NUMBER | |
| Classification number | HV5805.L39 |
| Item number | L39 2009 |
| 082 00 - DEWEY DECIMAL CLASSIFICATION NUMBER | |
| Classification number | 616.860092/273 |
| Edition information | 22 |
| 092 ## - LOCALLY ASSIGNED DEWEY CALL NUMBER (OCLC) | |
| Classification number | 616.86 L39 2009 |
| 001 - CONTROL NUMBER | |
| control field | data |
| 100 1# - MAIN ENTRY--PERSONAL NAME | |
| Personal name | Lawford, Christopher Kennedy, |
| Dates associated with a name | 1955- |
| 245 10 - TITLE STATEMENT | |
| Title | Moments of clarity : |
| Remainder of title | voices from the front lines of addiction and recovery / |
| Statement of responsibility, etc. | Christopher Kennedy Lawford. |
| 250 ## - EDITION STATEMENT | |
| Edition statement | 1st ed. |
| 260 ## - PUBLICATION, DISTRIBUTION, ETC. | |
| Place of publication, distribution, etc. | New York, NY : |
| Name of publisher, distributor, etc. | William Morrow, |
| Date of publication, distribution, etc. | c2009. |
| 300 ## - PHYSICAL DESCRIPTION | |
| Extent | xxix, 265 p. ; |
| Dimensions | 24 cm. |
| 505 0# - FORMATTED CONTENTS NOTE | |
| Formatted contents note | Jim Vance -- Susan Cheever -- Chris Gerolmo -- Aimee Liu -- Ron Smith -- David Black -- Alec Baldwin -- Judy Collins -- Mike Binder -- Dallas Taylor -- Ed Begley, Jr. -- Kelly McGillis -- Gerry Cooney -- Steve Earle -- Stephen Bergman and Janet Surrey -- Richard Dreyfuss -- David James Elliott -- Tom Arnold -- Velvet Mangan -- Jamie Lee Curtis -- Earl Hightower -- Chris Mecham -- Karl Fleming -- Larry Kudlow -- Lou Gossett, Jr. -- Malachy McCourt -- Greg Behrendt -- Marie Morning-Glory -- Thomas Henderson -- Mike Early -- Denny Seiwell -- Michael Glasser -- Bob Timmons -- Rudy Tomjanovich -- Richard Lewis -- Katey Sagal -- Jim Ramstad -- Kale Browne -- Martin Sheen -- Max Cleland -- Elaine Stritch -- DeJuan Verrett. |
| 520 ## - SUMMARY, ETC. | |
| Summary, etc. | The author of the "New York Times" bestseller "Symptoms of Withdrawal" explores the shift in time and perception from addiction to recovery based on his own experiences and those of other recovered addicts from all walks of life. |
| 600 10 - SUBJECT ADDED ENTRY--PERSONAL NAME | |
| Personal name | Lawford, Christopher Kennedy, |
| Dates associated with a name | 1955- |
| 650 #0 - SUBJECT ADDED ENTRY--TOPICAL TERM | |
| Topical term or geographic name entry element | Recovering addicts |
| Geographic subdivision | United States |
| Form subdivision | Biography. |
| 650 #0 - SUBJECT ADDED ENTRY--TOPICAL TERM | |
| Topical term or geographic name entry element | Actors |
| Geographic subdivision | United States |
| Form subdivision | Biography. |
| 856 41 - ELECTRONIC LOCATION AND ACCESS | |
| Materials specified | Table of contents only |
| Uniform Resource Identifier | <a href="http://www.loc.gov/catdir/toc/ecip0826/2008035531.html">http://www.loc.gov/catdir/toc/ecip0826/2008035531.html</a> |
| 906 ## - LOCAL DATA ELEMENT F, LDF (RLIN) | |
| a | 7 |
| b | cbc |
| c | orignew |
| d | 1 |
| e | ecip |
| f | 20 |
| g | y-gencatlg |
| 925 0# - | |
| -- | acquire |
| -- | 2 shelf copies |
| -- | policy default |
| 955 ## - COPY-LEVEL INFORMATION (RLIN) | |
| -- | sf03 2008-08-22 (telework) |
| -- | sf15 2008-08-25 to Dewey |
| -- | xj05 2009-06-22 Z-CipVer |
| Withdrawn status | Lost status | Damaged status | Not for loan | Home library | Current library | Shelving location | Date acquired | Total checkouts | Full call number | Barcode | Date last seen | Price effective from | Koha item type |
|---|---|---|---|---|---|---|---|---|---|---|---|---|---|
| Franklin | Franklin | General stacks | 22/03/2026 | 616.860092/273 22 | BC0011141 | 22/03/2026 | 22/03/2026 | Books |